000 01219nam a2200289 i 4500
003 DO-SdBNP
005 20250714140917.0
007 ta
008 250714b2018 dr ao|| r ||| 00| p spa d
020 _a9789945597660
040 _aDO-SdBNP
_bspa
_cBNPHU
_erda
041 _aspa
082 4 _axxx
_bE77
_222
100 1 _aEspinal, Pedro
_eautor
_4aut.
_980275
245 1 3 _aLa voz que han visto mis ojos /
_cPedro Espinal ; prólogo, Gerardo Castillo Javier
264 1 _aSanto Domingo :
_bDragón editorial,
_bEditora Amigo del Hogar,
_c2018.
300 _a110 páginas
_c22 cm.
336 _atexto
_btxt
_2rdacontent
337 _asin mediación
_bn
_2rdamedia
338 _avolumen
_bnc
_2rdacurrier
500 _aIncluye datos biografícos del autor en la solapa de la cubierta.
520 _aEl título de este libro apela a una de las características más sobresalientes del arte que conocemos a partir de la Primera Guerra Mundial (1914), y cuya manifestación en nuestra lengua alcanzó su máxima expresión en la poesía de la Generación del 27, en España.
590 _aInventariado, 2025/ YL
700 1 _aCastillo Javier, Gerardo
_eprólogo
_4pr.
_988351
910 _aYLockward
942 _2ddc
_cLBS1
999 _c59534
_d59534